Πρακτικός οδηγός της διδασκαλίας της αριθμητικής
Αποθηκεύτηκε σε:
| Κύριος συγγραφέας: | |
|---|---|
| Μορφή: | Βιβλίο |
| Γλώσσα: | Greek |
| Δημοσίευση: |
Εν Αθήναις :
Εκδοτικός Οίκος Δ. και Π. Δημητράκου,
[1927;].
|
| Θέματα: | |
| Ετικέτες: |
Προσθήκη ετικέτας
Δεν υπάρχουν, Καταχωρήστε ετικέτα πρώτοι!
|
MARC
| LEADER | 00000cam a2200000 a 4500 | ||
|---|---|---|---|
| 001 | 1/119750 | ||
| 008 | 190731s1927####gr | ||| |||| ||gre|| | ||
| 040 | |a GR-MyUa |b gre |c GR-MyUa |e AACR2 | ||
| 041 | 0 | |a gre | |
| 082 | 7 | |a 372.72 |2 (23) | |
| 100 | 1 | |a Καλλιάφας, Σπυρίδων Μ., |d 1885-1964. | |
| 245 | 1 | 0 | |a Πρακτικός οδηγός της διδασκαλίας της αριθμητικής / |c Σ. Μ. Καλλιάφα. |
| 260 | |a Εν Αθήναις : |b Εκδοτικός Οίκος Δ. και Π. Δημητράκου, |c [1927;]. | ||
| 501 | |a Με: Η θρησκεία και η διδασκαλία των θρησκευτικών: εν τη δημοτική και τη μέση εκπαιδεύσει (μετά παραδειγμάτων) / Σπυρ. Μ. Καλλιάφα. Εν Αθήναις : Εκδοτικός Οίκος Δημητράκου, 1930. Δεμένα μαζί μετά τη δημοσίευσή τους. | ||
| 650 | 0 | |a Mathematics |x Study and teaching (Elementary) | |
| 650 | 0 | |a Mathematics |x Study and teaching (Preschool) | |
| 700 | 1 | |a Καλλιάφας, Σπυρίδων Μ., |d 1885-1964, |e aui | |
| 740 | 2 | |a Η θρησκεία και η διδασκαλία των θρησκευτικών: εν τη δημοτική και τη μέση εκπαιδεύσει (μετά παραδειγμάτων) | |
| 852 | |a INST |b RHODES |c AKA |e 20190731 |h 372.72 ΚΑΛ |p 005400041022 |q 005400041022 |t BK |y 0 | ||
| 970 | |a Μαρία |b Κωτάκου |z 31-07-2019 | ||